Statistics for Who has the most NBA points?

Click here to take the quiz!

General Stats

  • This quiz has been taken 47 times
  • The average score is 5 of 15

Answer Stats

QuestionAnswer% Correct
Who has the most career points?Carmelo Anthony
64%
Who has the most career points?Kobe Bryant
62%
Who has the most career points?Alex English
42%
Who has the most career points?Elgin Baylor
42%
Who has the most career points?Gary Payton
42%
Who has the most career points?Giannis Antetokounmpo
38%
Who has the most career points?Tom Chambers
33%
Who has the most career points?Ray Allen
31%
Who has the most career points?DeMar DeRozan
29%
Who has the most career points?Rudy Gay
29%
Who has the most career points?Jason Kidd
24%
Who has the most career points?Dominique Wilkins
16%
Who has the most career points?Rolando Blackman
16%
Who has the most career points?Walter Davis
9%
Who has the most career points?Chet Walker
7%

Score Distribution

Percentile by Number Answered

Percent of People with Each Score

Your Score History

You have not taken this quiz